<?xml version="1.0" encoding="UTF-8"?><?xml-stylesheet type="text/xsl" href="static/style.xsl"?><OAI-PMH xmlns="http://www.openarchives.org/OAI/2.0/" xmlns:xsi="http://www.w3.org/2001/XMLSchema-instance" xsi:schemaLocation="http://www.openarchives.org/OAI/2.0/ http://www.openarchives.org/OAI/2.0/OAI-PMH.xsd"><responseDate>2026-06-01T19:56:47Z</responseDate><request verb="GetRecord" identifier="oai:riuma.uma.es:10630/21200" metadataPrefix="marc">https://riuma.uma.es/rest/oai/request</request><GetRecord><record><header><identifier>oai:riuma.uma.es:10630/21200</identifier><datestamp>2026-02-03T12:21:33Z</datestamp><setSpec>com_10630_2254</setSpec><setSpec>col_10630_37959</setSpec></header><metadata><record xmlns="http://www.loc.gov/MARC21/slim" xmlns:dcterms="http://purl.org/dc/terms/" xmlns:doc="http://www.lyncode.com/xoai" xmlns:xsi="http://www.w3.org/2001/XMLSchema-instance" xsi:schemaLocation="http://www.loc.gov/MARC21/slim http://www.loc.gov/standards/marcxml/schema/MARC21slim.xsd">
   <leader>00925njm 22002777a 4500</leader>
   <datafield ind2=" " ind1=" " tag="042">
      <subfield code="a">dc</subfield>
   </datafield>
   <datafield ind2=" " ind1=" " tag="720">
      <subfield code="a">De la Rosa Álamos, Julio</subfield>
      <subfield code="e">author</subfield>
   </datafield>
   <datafield ind2=" " ind1=" " tag="260">
      <subfield code="c">2021-03-22</subfield>
   </datafield>
   <datafield ind2=" " ind1=" " tag="520">
      <subfield code="a">Las fanerógamas marinas constituyen un grupo de angiospermas que colonizaron de forma secundaria el medio marino. En la actualidad se conocen unas 60 especies de este grupo de plantas de las que 4 de ellas se desarrollan en el mar de Alborán, presentando con una distribución diferenciada. Sus adaptciones fisiológicas y morfológicas has permitido un exitoso desarrollo en estos ambientes constituyendo en muchos casos las comunidasdes climax sobre los sustratos blandos infralitorales. Las biocenosis que desarrollan son de gran importancia desde varios puntos de vista si bien en la actualidad sufren una serie de amenazas e impactos que empobrecen en gran medida los servicos ecosistémcios que nos aportan.</subfield>
   </datafield>
   <datafield ind1="8" ind2=" " tag="024">
      <subfield code="a">https://hdl.handle.net/10630/21200</subfield>
   </datafield>
   <datafield tag="653" ind2=" " ind1=" ">
      <subfield code="a">Fanerógamas marinas</subfield>
   </datafield>
   <datafield ind2="0" ind1="0" tag="245">
      <subfield code="a">De vuelta al origen: fanerógamas marinas, diversidad e importancia en el Mar de Alborán</subfield>
   </datafield>
</record>
</metadata></record></GetRecord></OAI-PMH>